Canada; economic and commercial conditions in Canada. (Record no. 2765)
[ view plain ]
| 000 -LEADER | |
|---|---|
| fixed length control field | 00786cas a2200253u| 4500 |
| 001 - CONTROL NUMBER | |
| control field | 2765 |
| 003 - CONTROL NUMBER IDENTIFIER | |
| rucl marc code | BD-RjUL |
| 005 - DATE AND TIME OF LATEST TRANSACTION | |
| control field | 20211208233620.0 |
| 008 - FIXED-LENGTH DATA ELEMENTS--GENERAL INFORMATION | |
| fixed length control field | 131217n1951 enk |||||||||||| ||eng| |
| 035 ## - SYSTEM CONTROL NUMBER | |
| System control number | (BD-RjUL)2792 |
| 040 ## - CATALOGING SOURCE | |
| Original cataloging agency | DLC |
| Transcribing agency | CarP |
| Modifying agency | DLC |
| Language of cataloging | eng |
| 041 ## - LANGUAGE CODE | |
| Language code of text/sound track or separate title | eng |
| 082 ## - DEWEY DECIMAL CLASSIFICATION NUMBER | |
| Edition number | 16 |
| Classification number | 330.971 |
| Author mark and year | CAN 1951 |
| 110 1# - MAIN ENTRY--CORPORATE NAME | |
| Corporate name or jurisdiction name as entry element | Great Britain. |
| Subordinate unit | Commercial Relations and Exports Department [from old catalog] |
| 9 (RLIN) | 8868 |
| 245 00 - TITLE STATEMENT | |
| Title | Canada; economic and commercial conditions in Canada. |
| 260 ## - PUBLICATION, DISTRIBUTION, ETC. (IMPRINT) | |
| Place of publication, distribution, etc. | London : |
| Name of publisher, distributor, etc. | H. M. Stationery Off. |
| Date of publication, distribution, etc. | 1951. |
| 300 ## - PHYSICAL DESCRIPTION | |
| Pagination | v. 215 p. ; |
| Size | 25 cm. |
| 526 ## - STUDY PROGRAM INFORMATION NOTE | |
| Requested Dept. | Economics |
| 651 #0 - SUBJECT ADDED ENTRY--GEOGRAPHIC NAME | |
| Geographic name | Canada |
| General subdivision | Economic conditions |
| Chronological subdivision | 1918-1945. |
| 9 (RLIN) | 8866 |
| Geographic name | Canada |
| General subdivision | Commerce. [from old catalog] |
| 9 (RLIN) | 8867 |
| 942 ## - ADDED ENTRY ELEMENTS (KOHA) | |
| Source of classification or shelving scheme | Dewey Decimal Classification |
| Koha item type | Books |
| Lost status | Source of classification or shelving scheme | Damaged status | Not for loan | Collection code | Permanent Location | Current Location | Shelving location | Date acquired | Source of acquisition | Cost, normal purchase price | Total Checkouts | Full call number | Date last seen | Copy number | Koha item type |
|---|---|---|---|---|---|---|---|---|---|---|---|---|---|---|---|
| Dewey Decimal Classification | Not For Loan | Non-fiction | Central Library, University of Rajshahi | Central Library, University of Rajshahi | Reading Room | 17/12/2013 | British int. service | 5.00 | 330.971 JOC 1951 | 17/12/2013 | C-1 | Books |